|
|
|
|
| LEADER |
03124nam a22005053i 4500 |
| 001 |
EBC30328723 |
| 003 |
MiAaPQ |
| 005 |
20231204023229.0 |
| 006 |
m o d | |
| 007 |
cr cnu|||||||| |
| 008 |
231204s2023 xx o ||||0 eng d |
| 020 |
|
|
|a 9781805430476
|q (electronic bk.)
|
| 035 |
|
|
|a (MiAaPQ)EBC30328723
|
| 035 |
|
|
|a (Au-PeEL)EBL30328723
|
| 035 |
|
|
|a (OCoLC)1381096460
|
| 040 |
|
|
|a MiAaPQ
|b eng
|e rda
|e pn
|c MiAaPQ
|d MiAaPQ
|
| 082 |
0 |
|
|a 002.094809033
|
| 100 |
1 |
|
|a Hemstad, Ruth.
|
| 245 |
1 |
0 |
|a Literary Citizenship in Scandinavia in the Long Eighteenth Century.
|
| 250 |
|
|
|a 1st ed.
|
| 264 |
|
1 |
|a Woodbridge :
|b Boydell & Brewer, Incorporated,
|c 2023.
|
| 264 |
|
4 |
|c ©2023.
|
| 300 |
|
|
|a 1 online resource (331 pages)
|
| 336 |
|
|
|a text
|b txt
|2 rdacontent
|
| 337 |
|
|
|a computer
|b c
|2 rdamedia
|
| 338 |
|
|
|a online resource
|b cr
|2 rdacarrier
|
| 490 |
1 |
|
|a Knowledge and Communication in the Enlightenment World Series ;
|v v.1
|
| 505 |
0 |
|
|a Front cover -- Contents -- List of Illustrations -- Notes on Contributors -- Acknowledgements -- Introduction -- 1 Early Print and Northern Exploration in the Service of the Church -- 2 The Case of the Norwegian Catechism -- 3 Possessed by a Book: Cultural Scripts for Demonic Possession in Early Modern Denmark -- 4 Transnational Periodical Cultures around 1700, 1800 and 1900 -- 5 Implementing Freedom of the Press in Eighteenth-Century Scandinavia -- 6 Literary Fiction in Norwegian Book Collections in the Eighteenth Century -- 7 Stolen Fruit, Moral Fiction: Marmontel's Contes moraux in Denmark-Norway -- 8 Scandalous Political Literature in Eighteenth-Century Denmark-Norway -- 9 The Circulation of Notes in the Teaching of Philosophy in Denmark-Norway, 1790-1850 -- 10 The Transnational Circulation of the Norwegian 1814 Constitution -- 11 Child Readers and the Missionary Cause -- 12 Skilling-Magazin, Transnational Images and Local Communities -- Afterword -- Bibliography -- Index.
|
| 520 |
|
|
|a Sheds new light on European and regional book markets, the development of a public sphere and the impact of new media on intellectual, social, religious and political change.
|
| 588 |
|
|
|a Description based on publisher supplied metadata and other sources.
|
| 590 |
|
|
|a Electronic reproduction. Ann Arbor, Michigan : ProQuest Ebook Central, 2023. Available via World Wide Web. Access may be limited to ProQuest Ebook Central affiliated libraries.
|
| 655 |
|
4 |
|a Electronic books.
|
| 700 |
1 |
|
|a Kaasa, Janicke S.
|
| 700 |
1 |
|
|a Krefting, Ellen.
|
| 700 |
1 |
|
|a Nøding, Aina.
|
| 700 |
1 |
|
|a Bjerring-Hansen, Jens.
|
| 700 |
1 |
|
|a Haarberg, Jon.
|
| 700 |
1 |
|
|a Kukkonen, Karin.
|
| 700 |
1 |
|
|a Langen, Ulrik.
|
| 700 |
1 |
|
|a Nordin, Jonas M.
|
| 700 |
1 |
|
|a Raven, James.
|
| 776 |
0 |
8 |
|i Print version:
|a Hemstad, Ruth
|t Literary Citizenship in Scandinavia in the Long Eighteenth Century
|d Woodbridge : Boydell & Brewer, Incorporated,c2023
|
| 797 |
2 |
|
|a ProQuest (Firm)
|
| 830 |
|
0 |
|a Knowledge and Communication in the Enlightenment World Series
|
| 856 |
4 |
0 |
|u https://ebookcentral.proquest.com/lib/matrademy/detail.action?docID=30328723
|z Click to View
|